PLANT PHYSIOLOGY (Record no. 7825)
[ view plain ]
| 000 -LEADER | |
|---|---|
| fixed length control field | 00400cam a2200169ua 4500 |
| 008 - FIXED-LENGTH DATA ELEMENTS--GENERAL INFORMATION | |
| fixed length control field | 120804n1996 II |||gr||||Z||||||eng |
| 040 ## - CATALOGING SOURCE | |
| Original cataloging agency | MAIN |
| 041 ## - LANGUAGE CODE | |
| -- | English |
| 082 ## - DEWEY DECIMAL CLASSIFICATION NUMBER | |
| Classification number | 571 SRI |
| 100 ## - MAIN ENTRY--PERSONAL NAME | |
| Personal name | SRIVASTAVA, H. S. |
| 245 ## - TITLE STATEMENT | |
| Title | PLANT PHYSIOLOGY |
| 260 ## - PUBLICATION, DISTRIBUTION, ETC. | |
| Place of publication, distribution, etc. | MEERUT |
| Name of publisher, distributor, etc. | RASTOGI PUBLICATION |
| Date of publication, distribution, etc. | 1996 |
| 300 ## - PHYSICAL DESCRIPTION | |
| Extent | 445: |
| Dimensions | 24CM. |
| 942 ## - ADDED ENTRY ELEMENTS (KOHA) | |
| Koha item type | Books |
| 653 ## - INDEX TERM--UNCONTROLLED | |
| Uncontrolled term | Physiology & related subjects |
| Withdrawn status | Lost status | Damaged status | Not for loan | Collection code | Home library | Current library | Shelving location | Date acquired | Full call number | Barcode | Date last seen | Copy number | Price effective from | Koha item type | Public note | Total Checkouts | Date last checked out | Source of classification or shelving scheme | Total Renewals |
|---|---|---|---|---|---|---|---|---|---|---|---|---|---|---|---|---|---|---|---|
| REFBOT | Central Library and Information Centre Sibsagar Girls College | Central Library and Information Centre Sibsagar Girls College | BOTANY BOOK RACK | 23.06.1998 | 571 SRI | 15170 | 27.02.2020 | 1 | 27.02.2020 | Books | V | ||||||||
| TBZOO | Central Library and Information Centre Sibsagar Girls College | Central Library and Information Centre Sibsagar Girls College | ZOOLOGY BOOK RACK | 23.06.1998 | 571 SRI | 15171 | 30.09.2021 | 2 | 27.02.2020 | Books | V | 1 | 11.02.2021 | ||||||
| TBBOT | Central Library and Information Centre Sibsagar Girls College | Central Library and Information Centre Sibsagar Girls College | BOTANY BOOK RACK | 01.09.2017 | 571 SRI | 35323 | 31.08.2021 | 04.08.2021 | Books | V | 1 | 04.08.2021 | Dewey Decimal Classification | 1 |